<?xml version="1.0" encoding="UTF-8"?><?xml-stylesheet type="text/xsl" href="static/style.xsl"?><OAI-PMH xmlns="http://www.openarchives.org/OAI/2.0/" xmlns:xsi="http://www.w3.org/2001/XMLSchema-instance" xsi:schemaLocation="http://www.openarchives.org/OAI/2.0/ http://www.openarchives.org/OAI/2.0/OAI-PMH.xsd"><responseDate>2026-04-27T21:32:25Z</responseDate><request verb="GetRecord" identifier="oai:uvadoc.uva.es:10324/80582" metadataPrefix="marc">https://uvadoc.uva.es/oai/request</request><GetRecord><record><header><identifier>oai:uvadoc.uva.es:10324/80582</identifier><datestamp>2026-01-27T20:01:54Z</datestamp><setSpec>com_10324_1142</setSpec><setSpec>com_10324_931</setSpec><setSpec>com_10324_894</setSpec><setSpec>col_10324_1258</setSpec></header><metadata><record xmlns="http://www.loc.gov/MARC21/slim" xmlns:doc="http://www.lyncode.com/xoai" xmlns:xsi="http://www.w3.org/2001/XMLSchema-instance" xmlns:dcterms="http://purl.org/dc/terms/" xsi:schemaLocation="http://www.loc.gov/MARC21/slim http://www.loc.gov/standards/marcxml/schema/MARC21slim.xsd">
<leader>00925njm 22002777a 4500</leader>
<datafield tag="042" ind1=" " ind2=" ">
<subfield code="a">dc</subfield>
</datafield>
<datafield tag="720" ind1=" " ind2=" ">
<subfield code="a">Pedrero Encabo, Águeda Asunción</subfield>
<subfield code="e">author</subfield>
</datafield>
<datafield tag="260" ind1=" " ind2=" ">
<subfield code="c">2025</subfield>
</datafield>
<datafield tag="520" ind1=" " ind2=" ">
<subfield code="a">English Abstract&#xd;
The loss of musical autographs by Domenico Scarlatti (1685–1757) makes it difficult to date and&#xd;
establish a reliable chronological order for his keyboard sonatas. A previously unexplored source&#xd;
now sheds new light on the composer’s early period: a manuscript contained in a miscellaneous&#xd;
codex preserved at the Bibliothèque de l’Arsenal in Paris (F-Pa MS-6785 (F-Pa Ms-6785, [https://&#xd;
archivesetmanuscrits.bnf.fr/ark:/12148/cc86681q]). This source includes a collection of twentyone&#xd;
sonatas by Scarlatti, copied by two anonymous scribes.&#xd;
This article examines the activity of each copyist and the paper’s watermarks. The findings&#xd;
indicate that the manuscript originated in France, and was based on drafts of individual sonatas&#xd;
stemming from an Italian context. A philological analysis confirms that this new source derives&#xd;
from Scarlatti’s autographs. A comparison between this manuscript and the first pieces published&#xd;
in Paris (Pièces choisies pour le clavecin ou l’orgue [Boivin, 1737]) reveals that it could not have&#xd;
been based on that edition, nor on its antigraphs. Rather, it must have arrived in France at an&#xd;
earlier date, derived from an Italian antigraph. This source represents the most extensive surviving&#xd;
collection of early sonatas circulating in manuscript from across Europe prior to the printed&#xd;
dissemination of Scarlatti’s keyboard works.</subfield>
</datafield>
<datafield tag="024" ind2=" " ind1="8">
<subfield code="a">https://uvadoc.uva.es/handle/10324/80582</subfield>
</datafield>
<datafield tag="024" ind2=" " ind1="8">
<subfield code="a">10.71569/6z59-rx71</subfield>
</datafield>
<datafield ind1=" " ind2=" " tag="653">
<subfield code="a">Musicología</subfield>
</datafield>
<datafield tag="245" ind1="0" ind2="0">
<subfield code="a">'Toccate per Cimbalo del Signor Domenico Scarlatti': An Unexplored Early Source</subfield>
</datafield>
</record></metadata></record></GetRecord></OAI-PMH>